Materials science and metallurgy

Bibliographic Details
Main Author: Pollack, Herman W. (Author)
Format: Book
Published: Englewood Cliffs, NJ : Prentice-Hall , c1988
Edition:4th ed
Subjects:

MARC

LEADER 00000cam a2200000 7i4500
001 0000004038
005 20070618093000.0
020 |a 0835942872 
090 0 0 |a TA403   |b .P569 1988 
100 0 |a Pollack, Herman W. ,   |e author 
245 1 0 |a Materials science and metallurgy   |c Herman W. Pollack 
250 |a 4th ed 
260 2 |a Englewood Cliffs, NJ :   |b Prentice-Hall ,   |c c1988 
300 |a xviii, 554 p. ;   |c 25 cm. 
500 |a A Reston book 
504 |a Includes index 
650 0 |a Materials 
650 0 |a Metals 
999 |a 1000035358   |b Book   |c OPEN SHELF (30 DAYS)   |e Gong Badak Campus